MARC

LEADER 00000nas a22000007i 4500
001 ssj0000684687
003 WaSeSS
005 20200512172242.0
006 m d
007 cr n
008 101206c20119999paufr p s | a0eng
010 |a  2010202698 
022 |a 2158-8724  |y 2159-2411 
035 |a (WaSeSS)ssj0000684687 
037 |b EMAJ Publications, 2885 Sanford Ave SW #15320, Grandville, MI 49418  |c free 
040 |a DLC  |b eng  |c DLC  |d DLC  |d PX1  |d OCLCQ  |d DLC  |d OCLCF  |d OCLCO  |d CUS  |d AU@  |d WaSeSS 
042 |a pcc  |a nsdp 
050 1 4 |a PN1993 
082 1 0 |a 791.43  |2 23 
222 0 |a CINEJ cinema journal  |b (Online) 
245 0 0 |a CINEJ cinema journal  |h [electronic resource]. 
246 3 |a CINEJ cinema e-journal 
246 3 |a CINEJ 
260 |a [Pittsburgh, PA] :  |b University Library System, University of Pittsburgh,  |c 2011- 
310 |a Twice a year 
362 1 |a Began with: Vol 1, no 1 (2011). 
506 |a License restrictions may limit access. 
588 |a Description based on: Vol 1, no 1 (2011); title from banner (Pitt.edu, viewed Dec. 4, 2013). 
588 |a Latest issue consulted: Vol 2, no 2 (2013) (viewed Dec. 4, 2013). 
650 0 |a Motion pictures  |v Periodicals. 
650 0 |a Television  |v Periodicals. 
650 0 |a Mass media and the arts  |v Periodicals. 
650 7 |a Mass media and the arts.  |2 fast  |0 (OCoLC)fst01011374 
650 7 |a Motion pictures.  |2 fast  |0 (OCoLC)fst01027285 
650 7 |a Television.  |2 fast  |0 (OCoLC)fst01146535 
655 0 |a Electronic journals. 
776 0 8 |i Print version ed.:  |t CINEJ cinema journal (Print)  |x 2159-2411  |w (DLC) 2010203809  |w (OCoLC)694165997 
856 4 0 |z Full text available from Research Library: 01/01/2015 to present  |u https://search.proquest.com/publication/2029666